| 000 | 00484nam a2200181Ia 4500 | ||
|---|---|---|---|
| 001 | 20475 | ||
| 005 | 20260306172809.0 | ||
| 008 | 260306t2005||||xx |||||||||||||| ||spa|| | ||
| 041 | _aESP | ||
| 082 |
_a343.2861 _bC76 |
||
| 100 |
_aHoyos, Ilva Myriam (ed.) _eAUT |
||
| 245 | 0 |
_aLa constitucionalización de las falacias: _bantecedentes de una sentencia |
|
| 260 | _c2005 | ||
| 300 |
_axxxi, 380 páginas : _c24 cm. |
||
| 650 | _aGEN | ||
| 654 | _aCDE | ||
| 942 |
_cLIB _dJUS _fJUS _2ddc _n |
||
| 999 |
_c20475 _d20475 |
||